00525nam a2200169Ia 450000500170000000800410001702000150005808200130007310000290008624500230011526000560013830000130019450000320020794200060023995200950024599900150034020250606015529.0240331s9999 xx 000 0 und d a9556520399 bHEMa306 aHemantha Kumara, N.V.G.A 0aPawula ha vivahaya aWarakapolabWijayasooriya Grantha kentharaiyac2001 a186 P ., aA book on Family & Marriage cL 001040708LaWERCLbWERCLcSSCd2024-03-31l0o 306 HEMp4472r2024-03-31w2024-03-31yL c2093d2093